000 00900cam a22001814a 4500
005 20250605163350.0
008 250528s ||||||||||||||||||||||||d
035 _a17670
020 _a9786188095519
040 _aGR-AtMCL
_bgre
_dGR-AtMCL
_eAACR2
245 1 _aΓνωρίστε το Android / Βασικές Λειτουγίες, Οι Καλύτερες Εφαρμογές, Κόλπα & Μυστικά
260 _bDigerati,
_c2014
300 _a98
520 _aΓνωρίστε το Λειτουργικό Σύστημα που κυριαρχεί σε ταμπλέτες και έξυπνα κινητά τηλέφωνα. Android ο κυρίαρχος, Αναβαθμίσεις, Βασικές Εφαρμογές, Κόλπα και Μυστικά για Προχωρημένους, Social Media, Παραγωγικότητα, Lifestyle.
942 _cBK
999 _c3072
_d3072